Crisis mundial, protección e industrialización / (Record no. 111658)

MARC details
000 -LEADER
campo de control de longitud fija 00869cam a2200277Mi 4500
001 - NÚMERO DE CONTROL
campo de control 85034
005 - FECHA Y HORA DE LA ÚLTIMA TRANSACCIÓN
campo de control 20230411090043.0
008 - DATOS DE LONGITUD FIJA--INFORMACIÓN GENERAL
campo de control de longitud fija 070910s2007 ck 000 0 spa d
035 ## - NÚMERO DE CONTROL DEL SISTEMA
Número de control de sistema (OCoLC)ocn255924972
040 ## - FUENTE DE CATALOGACIÓN
Centro catalogador/agencia de origen GyGoGBV
Normas de descripción rakwb
Lengua de catalogación ger
Centro/agencia transcriptor GBVCP
020 ## - NÚMERO INTERNACIONAL ESTÁNDAR DEL LIBRO
Número Internacional Estándar del Libro 9789584500342
020 ## - NÚMERO INTERNACIONAL ESTÁNDAR DEL LIBRO
Número Internacional Estándar del Libro 9584500341
035 ## - NÚMERO DE CONTROL DEL SISTEMA
Número de control de sistema (OCoLC)255924972
049 ## - FONDOS LOCALES (OCLC)
Biblioteca depositaria GRAL
100 1# - ENTRADA PRINCIPAL--NOMBRE DE PERSONA
Nombre de persona Ocampo, José Antonio,
Fechas asociadas al nombre 1952-
245 10 - MENCIÓN DEL TÍTULO
Título Crisis mundial, protección e industrialización /
Mención de responsabilidad, etc. José Antonio Ocampo y Santiago Montenegro.
250 ## - MENCION DE EDICION
Mención de edición Ed. ampl. y corr.
260 ## - PUBLICACIÓN, DISTRIBUCIÓN, ETC.
Lugar de publicación, distribución, etc. Bogotá [u.a.] :
Nombre del editor, distribuidor, etc. Grupo Ed. Norma,
Fecha de publicación, distribución, etc. 2007.
300 ## - DESCRIPCIÓN FÍSICA
Extensión 383 S. :
Otras características físicas graph. Darst.
440 #0 - MENCIÓN DE SERIE/PUNTO DE ACCESO ADICIONAL--TÍTULO
Título Colección vitral
650 #4 - PUNTO DE ACCESO ADICIONAL DE MATERIA--TÉRMINO DE MATERIA
Término de materia o nombre geográfico como elemento de entrada Wirtschaftsgeschichte / Industrialisierung / Protektionismus / Kolumbien.
700 1# - ENTRADA AGREGADA--NOMBRE PERSONAL
Nombre de persona Montenegro, Santiago.
942 ## - ELEMENTOS DE ENTRADA SECUNDARIOS (KOHA)
Fuente del sistema de clasificación o colocación Clasificación de Library of Congress
Tipo de ítem Koha
994 ## -
-- C0
-- DRFGD
946 ## - PROCESAMIENTO DE INFORMACIÓN LOCAL (OCLC)
a lmm
Holdings
Estatus retirado Estado de pérdida Fuente del sistema de clasificación o colocación Estado de daño No para préstamo Colección Biblioteca de origen Biblioteca actual Ubicación en estantería Fecha de adquisición Código de barras Visto por última vez Copia número Tipo de ítem Koha
    Clasificación de Library of Congress     Automatización y Procesos Técnicos Biblioteca Juan Bosch Biblioteca Juan Bosch Automatización y Procesos Técnicos (1er. Piso) 11/04/2023 00000076867 17/02/2019 1